| 000 | 005240000a22001810004500 | ||
|---|---|---|---|
| 003 | MACL | ||
| 005 | 20160217155722.0 | ||
| 008 | 160217b xxu||||| |||| 00| 0 eng d | ||
| 040 |
_aMACL _cMACL |
||
| 041 | _aHindi | ||
| 082 | _a340 | ||
| 100 |
_aडोरेन कार्ल वान _938723 |
||
| 245 | _aमहान पूर्वाभिनय | ||
| 260 |
_bएशियन पब्लिशर्ज _c1967 _aनई दिल्ली |
||
| 350 | _a4 | ||
| 650 |
_aLaw _938724 |
||
| 942 |
_cHIN _k340 _2ddc |
||
| 999 |
_c26295 _d26295 |
||